[Event "GER-ch U25-A"]
[Site "Willingen"]
[Date "2016.05.21"]
[Round "9"]
[White "Huber, Marinus"]
[Black "Bilau, Max"]
[Result "0-1"]
[WhiteElo "1639"]
[BlackElo "1645"]
[PlyCount "62"]
[EventDate "2016.05.15"]
[EventType "swiss"]
[EventRounds "9"]
[EventCountry "GER"]
[SourceTitle "CBM 172 Extra"]
[Source "ChessBase"]
[SourceDate "2016.06.21"]
[SourceVersion "1"]
[SourceVersionDate "2016.06.21"]
[SourceQuality "1"]

1. e4 c5 2. Nf3 Nc6 3. d4 cxd4 4. Nxd4 g6 5. Be3 Bg7 6. Nc3 Qa5 7. Qd2 Nf6 8. f3 a6 9. Be2 d6 10. 0-0 0-0 11. Nxc6 bxc6 12. Nd5 Qxd2 13. Nxe7+ Kh8 14. Bxd2 Bb7 15. Bb4 c5 16. e5 cxb4 17. exd6 Rad8 18. Rad1 Ne8 19. d7 Nf6 20. Nc8 Bxc8 21. dxc8Q Rxc8 22. Rc1 a5 23. c3 bxc3 24. bxc3 Bh6 25. Rc2 Nd5 26. c4 Ne3 27. Rfc1 Nxc2 28. Rxc2 Rfe8 29. Bf1 Be3+ 30. Kh1 Bc5 31. Rc1 Re3 0-1

[Event "GER-ch U25-A"]
[Site "Willingen"]
[Date "2016.05.20"]
[Round "8"]
[White "Adelmeyer, Matti"]
[Black "Huber, Marinus"]
[Result "1-0"]
[WhiteElo "1677"]
[BlackElo "1639"]
[PlyCount "91"]
[EventDate "2016.05.15"]
[EventType "swiss"]
[EventRounds "9"]
[EventCountry "GER"]
[SourceTitle "CBM 172 Extra"]
[Source "ChessBase"]
[SourceDate "2016.06.21"]
[SourceVersion "1"]
[SourceVersionDate "2016.06.21"]
[SourceQuality "1"]

1. e4 c5 2. c3 d6 3. d4 cxd4 4. cxd4 Nf6 5. Nc3 g6 6. Nf3 Bg7 7. Bc4 0-0 8. 0-0 Nbd7 9. Bf4 a6 10. a4 Nb6 11. Bb3 Bg4 12. h3 Bxf3 13. Qxf3 Rc8 14. Qe3 Nc4 15. Bxc4 Rxc4 16. Rfd1 Qb6 17. Qd3 Rfc8 18. Rab1 Rb4 19. e5 dxe5 20. dxe5 Rxb2 21. Be3 Rxc3 22. Qxc3 Rxb1 23. Bxb6 Rxd1+ 24. Kh2 Ne8 25. g3 Kf8 26. Qf3 Ra1 27. e6 f5 28. Qf4 Nd6 29. Bd4 Bxd4 30. Qxd4 Rh1+ 31. Kxh1 Kg8 32. g4 fxg4 33. hxg4 b5 34. f4 h6 35. Qd5 bxa4 36. Qa8+ Kg7 37. Qxa6 Kf6 38. Qxa4 Kxe6 39. Qb3+ Kf6 40. Qc3+ Kf7 41. Qh8 Ne4 42. Qh7+ Kf6 43. Qxh6 Ng3+ 44. Kg2 Ne2 45. f5 Nd4 46. Qh8+ 1-0